000 nam a22 7a 4500
999 _c56215
_d56215
003 OSt
005 20221229155954.0
008 221229b xxu||||| |||| 00| 0 eng d
040 _cIIMT COLLEGE OF POLYTECHNIC
100 _aKOTHARI, D.P.
245 _aMODERN POWER SYSTEM ANALYSIS
260 _aDELHI
_bMc Graw Hill
_c2021
300 _a849
942 _2ddc
_c02